000 00597nam a2200181 4500
008 240117b |||||||| |||| 00| 0 eng d
082 _a333.3095
_bFON
100 _aFonseka, Bhavani
245 _a Land in the Eastern Province :
_bpolitics, policy, and conflict
260 _a Colombo:
_bCentre for Policy Alternatives,
_c2010
300 _a85 p. : color map ; 30 cm
650 _aEthnic conflict- Sri Lanka -Eastern Province
650 _aLand settlement
650 _aLand tenure
700 _aRaheem, Mirak
856 _uhttps://sangam.org/2010/05/CPA_Land_East.pdf?uid=3954
942 _cRP
999 _c4642
_d4642